Statistics for 广东省地图 Guangdong Map Quiz

Click here to take the quiz!

General Stats

  • This quiz has been taken 4 200 times
  • The average score is 17 of 21

Answers on the Map

Answers color-coded by a green-red scale on the quiz's map according to % correct below.
 

Answer Stats

区划% Correct
广州市
99%
深圳市
98%
汕头市
95%
珠海市
93%
东莞市
92%
佛山市
91%
汕尾市
90%
中山市
88%
湛江市
87%
潮州市
85%
惠州市
82%
梅州市
80%
清远市
78%
韶关市
77%
江门市
76%
肇庆市
76%
茂名市
76%
揭阳市
75%
云浮市
74%
阳江市
69%
河源市
67%

Score Distribution

Percentile by Number Answered

Percent of People with Each Score

Your Score History

You have not taken this quiz